1940 1887 1021 1286 1360 1553 1213 1116 1581 1939 1926 1522 1231 1847 1554 1159 1508 1401 1103 1552 1899 1635 1358 1776 1625 1715 1331 1757 1159 1367 1965 1206 1573 1002 1294 1139 1659 1305 1524 1955 1795 1700 1908 1689 1060 1780 1583 1498 1593 1832 1055 1081 1745 1730 1467 1418 1355 1388 1574 1329 1133 1658 1094 1872 1657 1575 1675 1426 1042 1688 1841 1771 1222 1458 1236 1430 1896 1085 1244 1677 1662 1613 1909 1755 1194 1461 1548 1231 1391 1567 1476 1998 1084 1361 1040 1229 1290 1038 1882 BCNSPRNW ULIB Ver.6.0+V

เปลี่ยนเป็นภาษาไทย

Change to English
 แสดงรายละเอียดบรรณานุกรม
  กลับหน้าหลัก

Brief Record : Get Marc (ISO 2709) : E-mail record : QR code < ปิดหน้าต่าง
LEADER : 00000nam 2200000uu 4500
001    13399122231
003     ULIB
008    020711s2549 th a 000 0 tha d
020    9749983157
020    9789749983157
090    นว.^bY11จ
100    Yong Sok-gil
245    เจ้าพ่อเลือดทรนง 2/^cYong Sok-gil เขียน,Muzume แปล
260    กรุงเทพฯ :^bsiam inter books,^c2549
300    474 หน้า
500     มี 2 เล่ม
700    (...no)Muzume,^eแปล
945    ^p295^l0^i019594
999    ^aทศพร
รายการนี้ยังไม่มีแท็ก
คุณยังไม่ได้ล็อกอิน คุณสามารถมีกิจกรรมร่วมกับเว็บไซต์ได้ แต่ต้องล็อกอินก่อน ::
  ล็อกอิน

รายการสื่อสารสนเทศ

ลำดับที่ ประเภท เลขเรียก/บาร์โค้ด สถานที่ สถานะ
1. นวนิยาย
นวนิยาย
นว. Y11จ ฉ.1 
  Barcode: 019594
ห้องสมุดวิทยาเขตสวรรค์ประชารักษ์
►นวนิยาย
บนชั้น
  ขอยืม

รายการใกล้เคียง
    ผู้แต่ง [Yong Sok-gil]

BibComment


ยังไม่เคยถูกคอมเมนท์

คอมเมนท์ทรัพยากรรายการนี้
  คอมเมนท์: เจ้าพ่อเลือดทรนง ..


 Copyright 2026. Bcnsprnw @Library